00880nam a2200229 a 450000100100000000500170001000800410002702000150006804000250008308200150010810000250012324501130014824600260026126000380028730000280032549000360035350000600038950400280044983000430047795201130052099900170063300004450720201002045425.0140703s2001 bl ac 000 0 spa d a8585663502 aDO-SdBNPbspacBNPHU axxxxbxxxx1 aUrban, Teresa97253010aMissao (quase) impossível :baventuras e desventuras do movimento ambientalista no Brasil /cTeresa Urban.10aMissáo impossível aSao Paulo :bPeirópolis,c2001. a167 p. :bil. ;c23 cm.1 aBrasil cidadãoaMeio ambiente aIncluye datos biográficos de la autora en las solapas aBibliografía : 167 p. 0aBrasil cidadãopMeio ambiente972531 001050718MOaGRbGRcCTd2014-07-03iLF1l0oxxxx xxxxp44507-10r2020-06-25w2020-06-25y1ZNo se presta c43996d43996